000 00583nam a22002177a 4500
003 OSt
005 20150912001818.0
008 150912b xxu||||| |||| 00| 0 eng d
020 _a9780323033039
040 _cDNLM
082 _aQW4 M961m 2005
100 _aMurray, Patrick R.
_91474
245 _aMedical microbiology
250 _a5th ed.
260 _aPennysvania;
_bElsevier,
_c2005
300 _ax,963p;
_bcol.ill:
_c27cm
504 _aIndex included
650 _aMedical microbiology
_9741
700 _aRosenthal, Ken S. ;Pfaller, Michael A.
_95720
942 _2z
_cO_SHELF
999 _c2256
_d2256